000 00230nam a22001097a 4500
999 _c64949
_d64946
082 _a297.1221
100 _aصدیقی رئوف
245 _aتاریخ بیت اللہ
260 _aکراچی
300 _a۲۰۲
942 _cBK